000 00779nam a2200265 i 4500
003 OSt
005 20220220125043.0
008 220220s1993 enk g f 001 0 eng d
020 _a1897940009
_qpaperback
040 _aPPAK
_beng
_cPPAK
_erda
082 0 4 _223
_a297.57082
090 0 0 _a297.57082
_bKHA
_dKAO
100 1 _aKhattab, Huda,
_eauthor.
245 1 4 _aTHE MUSLIM WOMAN'S HANDBOOK /
_cBy HUDA KHATTAB
264 1 _aLondon :
_bTa-Ha Publishers,
_c1993
300 _av, 67 pages ;
_c21 cm.
336 _2rdacontent
_atext
337 _2rdamedia
_aunmediated
338 _2rdacarrier
_avolume
504 _aIncludes bibliography and indexs
650 1 0 _aMuslim women
_vConduct of life.
650 2 0 _aWomen in Islam.
650 2 0 _aIslamic etiquette.
942 _2ddc
_cB
999 _c187514
_d187514